000
00284nam a2200121Ia 4500
008
190216s9999||||xx |||||||||||||| ||und||
100
_a
Burman & Reddy
245
0
_a
Income Tax Law And Practice
260
_b
New Heights
_c
1963
300
_a
364p
650
_a
Commerce
942
_c
BK
999
_c
4614
_d
4614